Organization and administration of school health work / (Record no. 21764)
[ view plain ]
| 000 -LEADER | |
|---|---|
| fixed length control field | 01270cam a22002891 4500 |
| 001 - CONTROL NUMBER | |
| control field | e 40000847 |
| 003 - CONTROL NUMBER IDENTIFIER | |
| control field | DLC |
| 005 - DATE AND TIME OF LATEST TRANSACTION | |
| control field | 20260227111229.0 |
| 008 - FIXED-LENGTH DATA ELEMENTS--GENERAL INFORMATION | |
| fixed length control field | 801117s1940 dcu f000 0 eng c |
| 010 ## - LIBRARY OF CONGRESS CONTROL NUMBER | |
| LC control number | e 40000847 |
| 035 ## - SYSTEM CONTROL NUMBER | |
| System control number | (OCoLC)6949193 |
| 040 ## - CATALOGING SOURCE | |
| Original cataloging agency | U. S. Off. of educ. Library |
| Transcribing agency | ViBlbV |
| Modifying agency | OCoLC |
| -- | DLC |
| 042 ## - AUTHENTICATION CODE | |
| Authentication code | premarc |
| 050 00 - LIBRARY OF CONGRESS CALL NUMBER | |
| Classification number | L111 |
| Item number | .A6 1939, no. 12 |
| 051 ## - LIBRARY OF CONGRESS COPY, ISSUE, OFFPRINT STATEMENT | |
| Classification number | LB3411 |
| Item number | .M6 |
| 082 ## - DEWEY DECIMAL CLASSIFICATION NUMBER | |
| Classification number | 371.7 |
| 100 1# - MAIN ENTRY--PERSONAL NAME | |
| Personal name | Moore, Fred. |
| 245 10 - TITLE STATEMENT | |
| Title | Organization and administration of school health work / |
| Statement of responsibility, etc. | by Fred Moore ... and John W. Studebaker, U. S. commissioner of education ... Federal security agency, Paul V. McNutt, administrator. U. S. Office of education, John W. Studebaker, commissioner. |
| 260 ## - PUBLICATION, DISTRIBUTION, ETC. | |
| Place of publication, distribution, etc. | Washington : |
| Name of publisher, distributor, etc. | U.S. Govt. print. off., |
| Date of publication, distribution, etc. | 1940. |
| 300 ## - PHYSICAL DESCRIPTION | |
| Extent | iv, 67 p. ; |
| Dimensions | 23 cm. |
| 490 0# - SERIES STATEMENT | |
| Series statement | U. S. Office of education. Bulletin 1939, |
| Volume/sequential designation | no. 12 |
| 501 ## - WITH NOTE | |
| With note | Copies 1 and 2 of L111.A6 with: Individual guidance in a C.C.C. camp / Kirkland Sloper. Washington : U.S. Govt. Print. Off., 1939. Bound together subsequent to publication. |
| Institution to which field applies | DLC |
| 650 #0 - SUBJECT ADDED ENTRY--TOPICAL TERM | |
| Topical term or geographic name entry element | School hygiene. |
| 650 #0 - SUBJECT ADDED ENTRY--TOPICAL TERM | |
| Topical term or geographic name entry element | Schools |
| Geographic subdivision | United States |
| General subdivision | Sanitary affairs. |
| 700 1# - ADDED ENTRY--PERSONAL NAME | |
| Personal name | Studebaker, J. W. |
| Fuller form of name | (John Ward), |
| Dates associated with a name | 1887-1989, |
| Relator term | Joint author. |
| 740 0# - ADDED ENTRY--UNCONTROLLED RELATED/ANALYTICAL TITLE | |
| Uncontrolled related/analytical title | School health work. |
No items available.